000 00977cam a2200337 i 4500
001 0000495
003 DO-SdBPM
005 20250107095126.0
007 0000495
008 100514s 1987 sp | 000 f spa
015 _a
017 _a
_b
020 _a844020014X (v. 1)
020 _a8440200158 (v. 2)
035 _a
040 _aDO-SdBPM
_bspa
_cBPMSU
_e
080 _a
082 4 _a843.8
_bV531J 1987
_222
100 1 _aVerne, Julio,
_d1828-1905
240 1 3 _aLa jangada. Huit cents lieues sur l´Amazone
_lEspañol
245 1 0 _aJulio Verne :
_bLa jangada /
_h
_cJulio Verne ; traducción J. M. Huertas
260 _aBarcelona:
_bEdiciones Orbis,
_c1987.
300 _a2 v. :
_bil.
_c20 cm
490 0 _aJulio Verne,
_v41/42
590 _aInventariado, 2025/VM
650 4 _aNovela juvenil francesa
650 4 _aLiteratura juvenil francesa
700 1 _aHuertas, J. M.
_etraductor
910 _aVMateo V. / Control de calidad MFF
942 _2ddc
_cBK
999 _c10732
_d10732